[Event "Oberliga NRW 2122"]
[Site "Germany"]
[Date "2022.05.08"]
[Round "9.2"]
[White "Schiffer, Kai Uwe"]
[Black "Erwich, Frank"]
[Result "1/2-1/2"]
[WhiteElo "2292"]
[BlackElo "2388"]
[PlyCount "123"]
[EventDate "2021.10.31"]
[EventType "team-tourn"]
[EventRounds "9"]
[EventCountry "GER"]
[SourceTitle "EXT 2023"]
[Source "ChessBase"]
[SourceDate "2022.10.05"]
[SourceVersion "1"]
[SourceVersionDate "2022.10.05"]
[SourceQuality "1"]
[WhiteTeam "Wattenscheid"]
[BlackTeam "Erkenschwick"]
[WhiteTeamCountry "GER"]
[BlackTeamCountry "GER"]

1. e4 e5 2. Nf3 Nc6 3. Bc4 Nf6 4. d4 exd4 5. e5 Ng4 6. 0-0 d6 7. exd6 Bxd6 8. Re1+ Kf8 9. Nbd2 Bf5 10. h3 Nge5 11. Nxe5 Nxe5 12. Bb3 Qf6 13. Nf3 Re8 14. Bd2 Bd7 15. Ng5 h6 16. Ne4 Qg6 17. Bd5 Bxh3 18. Nxd6 Qxd6 19. Bxb7 Bg4 20. f3 Bd7 21. Bf4 f6 22. Re4 c5 23. c4 Bf5 24. Re1 Kf7 25. b4 Re7 26. Bd5+ Be6 27. Bxe5 fxe5 28. bxc5 Qc7 29. Qd3 g6 30. c6 Kg7 31. Rab1 Bf5 32. Be4 Qxc6 33. Qxd4 exd4 34. Bxc6 Rc7 35. Be4 Rd8 36. Bxf5 gxf5 37. Red1 Kf6 38. Rb4 Ke5 39. Kf2 d3 40. Ke3 f4+ 41. Kd2 Rg7 42. Re1+ Kf6 43. Rg1 Re7 44. Re1 Rg7 45. Rg1 Rd4 46. a3 Re7 47. Re1 Rg7 48. Rg1 Ke5 49. Rb5+ Ke6 50. Rb3 Kd6 51. Rxd3 Kc5 52. Kc3 Rxc4+ 53. Kd2 Rb7 54. Rc3 Rb2+ 55. Kd3 Rxc3+ 56. Kxc3 Ra2 57. Kb3 Rf2 58. Rh1 Rxg2 59. Rh4 Kd4 60. Rxf4+ Ke3 61. Rf7 h5 62. Rxa7 1/2-1/2

[Event "NED-chT Promotion Liga 1"]
[Site "Netherlands"]
[Date "2021.06.12"]
[Round "1.1"]
[White "Erwich, Frank"]
[Black "Agter, Frank"]
[Result "1-0"]
[WhiteElo "2411"]
[BlackElo "2190"]
[PlyCount "215"]
[EventDate "2021.06.12"]
[EventType "team-k.o."]
[EventRounds "2"]
[EventCountry "NED"]
[SourceTitle "EXT 2024"]
[Source "ChessBase"]
[SourceDate "2023.10.10"]
[SourceVersion "1"]
[SourceVersionDate "2023.10.10"]
[SourceQuality "1"]
[WhiteTeam "Leiden Philidor"]
[BlackTeam "De Waagtoren"]
[WhiteTeamCountry "NED"]
[BlackTeamCountry "NED"]

1. e4 e5 2. Nf3 Nf6 3. Nxe5 d6 4. Nf3 Nxe4 5. d3 Nf6 6. d4 Bg4 7. Bd3 Be7 8. 0-0 0-0 9. Re1 Nbd7 10. Nbd2 c5 11. h3 Bh5 12. dxc5 Nxc5 13. Bf1 d5 14. Nb3 Nxb3 15. axb3 Bc5 16. Be3 Bxe3 17. Rxe3 Re8 18. Qd4 Re4 19. Rxe4 dxe4 20. Qxd8+ Rxd8 21. Ne5 a6 22. b4 Kf8 23. g4 Rd5 24. Ra5 Bg6 25. Rxd5 Nxd5 26. Bg2 f5 27. c3 Ke7 28. Bf1 Nf4 29. Kh2 fxg4 30. hxg4 Nd3 31. Bxd3 exd3 32. Nc4 Ke6 33. Kg3 h5 34. gxh5 Bxh5 35. Kf4 Kd5 36. Nd2 b6 37. Ke3 Be2 38. c4+ Ke5 39. f4+ Ke6 40. Ne4 Bf1 41. b3 Be2 42. Nf2 Kd6 43. Nxd3 Bd1 44. Nc1 a5 45. bxa5 bxa5 46. Kd2 Bh5 47. Nd3 Kc6 48. Kc3 Kd6 49. Nf2 Kc5 50. Ne4+ Kc6 51. Ng5 Bg4 52. Nf7 Kc5 53. Ne5 Bd1 54. Nd3+ Kd6 55. Nb2 Bh5 56. Kd4 Be2 57. c5+ Kc6 58. Nc4 Kb5 59. Nd6+ Kc6 60. Nc4 Kb5 61. Kd5 Bf3+ 62. Kd6 a4 63. Na3+ Kb4 64. Nc2+ Kxb3 65. Nd4+ Kb2 66. Nxf3 a3 67. c6 a2 68. c7 a1Q 69. c8Q Qd1+ 70. Ke7 Qxf3 71. f5 Qh5 72. Qe6 Qg5+ 73. Kf7 Qg3 74. Qg6 Qc7+ 75. Kg8 Qd8+ 76. Kxg7 Qe7+ 77. Qf7 Qg5+ 78. Kh7 Qh4+ 79. Kg8 Qd8+ 80. Qf8 Qd5+ 81. Kh7 Kc2 82. Qc8+ Kd3 83. Qa6+ Kd4 84. Qe6 Qb7+ 85. Kg8 Qb8+ 86. Kf7 Qb7+ 87. Qe7 Qb3+ 88. Kg6 Qg3+ 89. Qg5 Qb8 90. f6 Qg8+ 91. Kh5 Qf7+ 92. Qg6 Qd5+ 93. Kh6 Qh1+ 94. Kg7 Ke5 95. f7 Qb7 96. Qg5+ Kd4 97. Qf4+ Kc5 98. Qe5+ Kc4 99. Kf6 Qf3+ 100. Qf5 Qc3+ 101. Ke6 Qe3+ 102. Qe5 Qh3+ 103. Ke7 Qh4+ 104. Ke8 Qh7 105. Qe6+ Kc3 106. f8Q Qh5+ 107. Kd7 Qh7+ 108. Kc8 1-0

[Event "Oberliga NRW 1819"]
[Site "Germany"]
[Date "2019.01.13"]
[Round "5.2"]
[White "Strijbos, Maarten"]
[Black "Erwich, Frank"]
[Result "1/2-1/2"]
[WhiteElo "2325"]
[BlackElo "2345"]
[PlyCount "44"]
[EventDate "2018.09.16"]
[EventType "team-tourn"]
[EventRounds "9"]
[EventCountry "GER"]
[SourceTitle "EXT 2020"]
[Source "ChessBase"]
[SourceDate "2019.10.17"]
[SourceVersion "1"]
[SourceVersionDate "2019.10.17"]
[SourceQuality "1"]
[WhiteTeam "Dinslaken"]
[BlackTeam "Erkenschwick"]
[WhiteTeamCountry "GER"]
[BlackTeamCountry "GER"]

1. Nf3 Nf6 2. g3 b6 3. Bg2 Bb7 4. 0-0 g6 5. d4 Bg7 6. c3 0-0 7. Bf4 d6 8. Nbd2 Nbd7 9. Qc2 Qe8 10. Rfe1 Nd5 11. Bg5 h6 12. e4 N5f6 13. Bxf6 Nxf6 14. e5 Nh7 15. h4 dxe5 16. dxe5 Rd8 17. Ne4 Qd7 18. e6 Qd3 19. Qxd3 Rxd3 20. exf7+ Rxf7 21. Nfd2 e6 22. Nf1 Bf8 1/2-1/2

[Event "NED-chT 1819"]
[Site "Netherlands"]
[Date "2018.12.15"]
[Round "5.6"]
[White "Erwich, Frank"]
[Black "Kampman, Tijmen"]
[Result "1-0"]
[WhiteElo "2379"]
[BlackElo "2203"]
[PlyCount "81"]
[EventDate "2018.09.15"]
[EventType "team-tourn"]
[EventRounds "9"]
[EventCountry "NED"]
[SourceTitle "CBM 189 Extra"]
[Source "ChessBase"]
[SourceDate "2019.06.03"]
[SourceVersion "1"]
[SourceVersionDate "2019.06.03"]
[SourceQuality "1"]
[WhiteTeam "BSG"]
[BlackTeam "De Stukkenjagers"]
[WhiteTeamCountry "NED"]
[BlackTeamCountry "NED"]

1. e4 c6 2. c4 g6 3. Nc3 Bg7 4. d4 d6 5. Nf3 Nf6 6. Be2 0-0 7. 0-0 a6 8. b4 Qc7 9. Qb3 Nbd7 10. Bb2 Nh5 11. Rfd1 Nf4 12. Bf1 e5 13. d5 c5 14. a3 b6 15. Rab1 Nf6 16. Ne1 Ng4 17. Bc1 f5 18. bxc5 bxc5 19. f3 Nh6 20. Be3 fxe4 21. Nxe4 Bf5 22. Qb6 Qd7 23. Qc6 Qd8 24. Rb7 Bxe4 25. fxe4 Qg5 26. Bxf4 Qxf4 27. Nd3 Qxe4 28. Qxd6 Nf5 29. Qe6+ Kh8 30. Nf2 Qf4 31. Nh3 Qe3+ 32. Kh1 Rae8 33. Qb6 e4 34. d6 Bd4 35. Qc7 Qh6 36. Be2 Be5 37. Qxc5 Bxd6 38. Rxd6 Kg8 39. Qd5+ Kh8 40. Rdd7 Qc1+ 41. Qd1 1-0

[Event "NRW Class1 1718"]
[Site "Germany"]
[Date "2018.04.08"]
[Round "8.2"]
[White "Tillmann, Markus"]
[Black "Erwich, Frank"]
[Result "0-1"]
[WhiteElo "2064"]
[BlackElo "2313"]
[PlyCount "68"]
[EventDate "2017.09.17"]
[EventType "team-tourn"]
[EventRounds "9"]
[EventCountry "GER"]
[SourceTitle "EXT 2019"]
[Source "ChessBase"]
[SourceDate "2018.10.10"]
[SourceVersion "1"]
[SourceVersionDate "2018.10.10"]
[SourceQuality "1"]
[WhiteTeam "Sundern"]
[BlackTeam "Erkenschwick"]
[WhiteTeamCountry "GER"]
[BlackTeamCountry "GER"]

1. d4 Nf6 2. c4 e6 3. Nc3 Bb4 4. Qc2 c5 5. e3 0-0 6. Bd3 b6 7. Nge2 Bb7 8. 0-0 Nc6 9. a3 cxd4 10. exd4 Bd6 11. Nb5 Bb8 12. Bg5 h6 13. Bh4 d5 14. c5 bxc5 15. dxc5 e5 16. Bf5 g5 17. Bg3 d4 18. h4 Ne7 19. hxg5 Qd5 20. f3 hxg5 21. Nd6 Bxd6 22. cxd6 Qxd6 23. Qd2 Nh7 24. Bxh7+ Kxh7 25. Qxg5 f6 26. Qh5+ Kg7 27. Rad1 Rh8 28. Qg4+ Kf7 29. f4 Qd5 30. Qf3 e4 31. Qf2 e3 32. Qf3 Qd7 33. Rxd4 Bxf3 34. Rxd7 Bxe2 0-1

[Event "NRW Class1 1718"]
[Site "Germany"]
[Date "2017.12.17"]
[Round "4.3"]
[White "Erwich, Frank"]
[Black "Messarius, Juergen"]
[Result "1-0"]
[WhiteElo "2313"]
[BlackElo "2146"]
[PlyCount "117"]
[EventDate "2017.09.17"]
[EventType "team-tourn"]
[EventRounds "9"]
[EventCountry "GER"]
[SourceTitle "EXT 2019"]
[Source "ChessBase"]
[SourceDate "2018.10.10"]
[SourceVersion "1"]
[SourceVersionDate "2018.10.10"]
[SourceQuality "1"]
[WhiteTeam "Erkenschwick"]
[BlackTeam "Iserlohn Koenigsspringer"]
[WhiteTeamCountry "GER"]
[BlackTeamCountry "GER"]

1. e4 Nf6 2. e5 Nd5 3. d4 d6 4. Nf3 Bf5 5. Be2 e6 6. 0-0 Be7 7. a3 a5 8. c4 Nb6 9. Nc3 0-0 10. exd6 cxd6 11. d5 e5 12. Be3 N8d7 13. b4 Rc8 14. Qb3 Nf6 15. Rfd1 Nbd7 16. h3 h6 17. Nb5 Re8 18. Rac1 Ne4 19. Bd3 Bh7 20. Qb1 Ndf6 21. c5 Ra8 22. c6 bxc6 23. dxc6 axb4 24. axb4 Qb8 25. Qc2 Rc8 26. Ra1 d5 27. Ba7 Rxa7 28. Rxa7 Bxb4 29. Rb7 Qa8 30. Nxe5 Bc5 31. Rf1 Rxc6 32. Ra7 Bxa7 33. Qxc6 Bxf2+ 34. Rxf2 Qa1+ 35. Rf1 Qxe5 36. Qc8+ Qe8 37. Rc1 Bg6 38. Qxe8+ Nxe8 39. Rc8 Kf8 40. Bxe4 dxe4 41. Kf2 Ke7 42. Ke3 Nf6 43. Kd4 Kd7 44. Rc7+ Ke6 45. Rc6+ Ke7 46. Nd6 h5 47. Nc4 Bf5 48. Rc7+ Ke6 49. Ne5 Ne8 50. Rc6+ Ke7 51. Rb6 f6 52. Rb7+ Kd6 53. Nc4+ Ke6 54. Ne3 Bg6 55. Nd5 Nd6 56. Rb6 Kd7 57. Kc5 Ne8 58. Rb7+ Kc8 59. Kc6 1-0

[Event "NED-chT 1718"]
[Site "Netherlands"]
[Date "2017.11.25"]
[Round "4.7"]
[White "Van der Werf, Mark"]
[Black "Erwich, Frank"]
[Result "1-0"]
[WhiteElo "2400"]
[BlackElo "2346"]
[PlyCount "45"]
[EventDate "2017.09.16"]
[EventType "team-tourn"]
[EventRounds "9"]
[EventCountry "NED"]
[SourceTitle "EXT 2019"]
[Source "ChessBase"]
[SourceDate "2018.10.10"]
[SourceVersion "1"]
[SourceVersionDate "2018.10.10"]
[SourceQuality "1"]
[WhiteTeam "Leiden LSG"]
[BlackTeam "BSG"]
[WhiteTeamCountry "NED"]
[BlackTeamCountry "NED"]

1. d4 Nf6 2. c4 e6 3. Nf3 b6 4. e3 Bb7 5. Bd3 c5 6. 0-0 Be7 7. Nc3 cxd4 8. exd4 d5 9. cxd5 Nxd5 10. Ne5 0-0 11. Qg4 f5 12. Qe2 Nc7 13. Rd1 Nc6 14. Nxc6 Bxc6 15. Bf4 Bd6 16. Be5 Bxe5 17. Qxe5 Qd7 18. Rac1 Rad8 19. Bc4 Rf6 20. Ne2 Nd5 21. f3 Bb5 22. Bxd5 Qxd5 23. Nc3 1-0

[Event "NED-chT 1718"]
[Site "Netherlands"]
[Date "2017.11.04"]
[Round "3.4"]
[White "Maris, Ivo"]
[Black "Erwich, Frank"]
[Result "1-0"]
[WhiteElo "2347"]
[BlackElo "2346"]
[PlyCount "69"]
[EventDate "2017.09.16"]
[EventType "team-tourn"]
[EventRounds "9"]
[EventCountry "NED"]
[SourceTitle "EXT 2019"]
[Source "ChessBase"]
[SourceDate "2018.10.10"]
[SourceVersion "1"]
[SourceVersionDate "2018.10.10"]
[SourceQuality "1"]
[WhiteTeam "SISSA"]
[BlackTeam "BSG"]
[WhiteTeamCountry "NED"]
[BlackTeamCountry "NED"]

1. c4 Nf6 2. g3 e6 3. Bg2 d5 4. Nf3 dxc4 5. Qa4+ Nbd7 6. Qxc4 c5 7. Qc2 Bd6 8. 0-0 0-0 9. d4 Qe7 10. Nbd2 cxd4 11. Nxd4 Nb6 12. b3 Rd8 13. Nb5 Be5 14. Rb1 a6 15. Nf3 axb5 16. Nxe5 Nbd5 17. a3 Bd7 18. Qb2 Rdc8 19. Ra1 b4 20. a4 Rc7 21. e4 Nc3 22. Re1 Be8 23. Bf4 Rd8 24. g4 Rc5 25. h4 Qd6 26. Nxf7 Qxf4 27. Nxd8 Nxg4 28. Nxe6 Qh2+ 29. Kf1 Re5 30. Ng5 Qxh4 31. Nf3 Nh2+ 32. Nxh2 Qxh2 33. Qd2 h5 34. Qd6 h4 35. Re3 1-0

[Event "NED-chT 1718"]
[Site "Netherlands"]
[Date "2017.09.23"]
[Round "2.9"]
[White "Dek, Lennart"]
[Black "Erwich, Frank"]
[Result "0-1"]
[WhiteElo "2300"]
[BlackElo "2346"]
[PlyCount "82"]
[EventDate "2017.09.16"]
[EventType "team-tourn"]
[EventRounds "9"]
[EventCountry "NED"]
[SourceTitle "EXT 2019"]
[Source "ChessBase"]
[SourceDate "2018.10.10"]
[SourceVersion "1"]
[SourceVersionDate "2018.10.10"]
[SourceQuality "1"]
[WhiteTeam "Kennemer Combinatie"]
[BlackTeam "BSG"]
[WhiteTeamCountry "NED"]
[BlackTeamCountry "NED"]

1. e4 e5 2. Nf3 Nc6 3. Bc4 Nf6 4. d3 h6 5. c3 d6 6. Nbd2 g6 7. 0-0 Bg7 8. Re1 0-0 9. h3 Na5 10. Bb5 a6 11. Ba4 b5 12. Bc2 c5 13. d4 cxd4 14. cxd4 exd4 15. Nxd4 Bb7 16. Nf1 Re8 17. Ng3 d5 18. e5 Ne4 19. Nxe4 dxe4 20. Bxe4 Bxe4 21. Rxe4 Rxe5 22. Rxe5 Bxe5 23. Be3 Qf6 24. Qg4 Nc4 25. b3 Nxe3 26. fxe3 Rd8 27. Rd1 Bc7 28. Rf1 Bh2+ 29. Kxh2 Qxf1 30. Qe4 Qf6 31. a4 Qd6+ 32. Kh1 Rc8 33. Kg1 bxa4 34. bxa4 Qb4 35. Qf4 Qb1+ 36. Kh2 Qb8 37. Qxb8 Rxb8 38. Kg3 Rb4 39. a5 Rc4 40. Kf3 Rc5 41. Nb3 Rb5 0-1

[Event "NED-chT 1718"]
[Site "Netherlands"]
[Date "2017.09.16"]
[Round "1.4"]
[White "Beerdsen, Thomas"]
[Black "Erwich, Frank"]
[Result "1/2-1/2"]
[WhiteElo "2428"]
[BlackElo "2346"]
[PlyCount "64"]
[EventDate "2017.09.16"]
[EventType "team-tourn"]
[EventRounds "9"]
[EventCountry "NED"]
[SourceTitle "CBM 180 Extra"]
[Source "ChessBase"]
[SourceDate "2017.10.06"]
[SourceVersion "1"]
[SourceVersionDate "2017.10.06"]
[SourceQuality "1"]
[WhiteTeam "Apeldoorn"]
[BlackTeam "BSG"]
[WhiteTeamCountry "NED"]
[BlackTeamCountry "NED"]

1. e4 e5 2. Nf3 Nc6 3. d4 exd4 4. Nxd4 Bc5 5. Nb3 Bb6 6. Nc3 Nf6 7. Bg5 h6 8. Bh4 d6 9. Be2 Be6 10. 0-0 g5 11. Bg3 h5 12. h4 Ng4 13. Bxg4 Bxg4 14. Qd2 gxh4 15. Bf4 Rg8 16. Kh2 Qf6 17. Nd5 Qg6 18. f3 Be6 19. a4 Bxd5 20. exd5 Nd4 21. Rae1+ Kd7 22. Nxd4 Bxd4 23. c3 Be5 24. Bxe5 dxe5 25. Qf2 Qg3+ 26. Qxg3 hxg3+ 27. Kh3 Rae8 28. b4 f5 29. c4 Kd6 30. Rd1 Rg6 31. Rd3 Kd7 32. c5 a6 1/2-1/2

[Event "NRW Class2 1617"]
[Site "Germany"]
[Date "2017.02.12"]
[Round "6.3"]
[White "Erwich, Frank"]
[Black "Mueschenich, Stefan"]
[Result "1/2-1/2"]
[WhiteElo "2339"]
[BlackElo "2159"]
[PlyCount "86"]
[EventDate "2016.09.25"]
[EventType "team-tourn"]
[EventRounds "9"]
[EventCountry "GER"]
[SourceTitle "EXT 2023"]
[Source "ChessBase"]
[SourceDate "2022.10.05"]
[SourceVersion "1"]
[SourceVersionDate "2022.10.05"]
[SourceQuality "1"]
[WhiteTeam "Erkenschwick"]
[BlackTeam "Muenster SK II"]
[WhiteTeamCountry "GER"]
[BlackTeamCountry "GER"]

1. e4 Nf6 2. e5 Nd5 3. d4 d6 4. Nf3 Bg4 5. Be2 c6 6. 0-0 Bxf3 7. Bxf3 dxe5 8. dxe5 e6 9. Nd2 Nd7 10. Re1 Be7 11. g3 Qc7 12. Qe2 0-0 13. Bg2 Rfd8 14. h4 Bc5 15. h5 h6 16. Nf3 Nf8 17. Nh4 Nh7 18. Be4 Kh8 19. c4 Ne7 20. Bc2 Rd7 21. Kg2 Bb4 22. Rh1 Rad8 23. Qe4 Nf8 24. Be3 Bd2 25. Bc5 Qa5 26. Bxe7 Rxe7 27. Nf3 Qb4 28. Rad1 Red7 29. b3 Qe7 30. g4 Bg5 31. Rde1 c5 32. Re2 b6 33. Rh3 f6 34. Rh1 Qf7 35. a3 Qe7 36. Rhe1 Rb8 37. Bb1 b5 38. cxb5 Rxb5 39. Bc2 Rd8 40. Qc4 Rbb8 41. exf6 Bxf6 42. Bb1 Qb7 43. Re3 Rd4 1/2-1/2

[Event "NED-chT 1516"]
[Site "Netherlands"]
[Date "2016.04.23"]
[Round "9.1"]
[White "Erwich, Frank"]
[Black "Nijboer, Friso"]
[Result "0-1"]
[WhiteElo "2370"]
[BlackElo "2566"]
[PlyCount "69"]
[EventDate "2015.09.26"]
[EventType "team-tourn"]
[EventRounds "9"]
[EventCountry "NED"]
[SourceTitle "EXT 2017"]
[Source "ChessBase"]
[SourceDate "2016.10.25"]
[SourceVersion "1"]
[SourceVersionDate "2016.10.25"]
[SourceQuality "1"]
[WhiteTeam "BSG"]
[BlackTeam "En Passant"]
[WhiteTeamCountry "NED"]
[BlackTeamCountry "NED"]

1. e4 c5 2. Nf3 Nc6 3. Bb5 e6 4. 0-0 Nge7 5. d4 cxd4 6. Nxd4 Ng6 7. Be3 Be7 8. Be2 0-0 9. c4 b6 10. Nc3 Bb7 11. Qd2 Nxd4 12. Bxd4 f5 13. exf5 Nh4 14. f3 Nxf5 15. Bf2 Bg5 16. Qd3 Bf4 17. Rad1 Rf6 18. g3 Rg6 19. Qxd7 Qh4 20. Qxe6+ Rxe6 21. gxh4 Rae8 22. Bd3 Rg6+ 23. Bg3 Be3+ 24. Kh1 Rxg3 25. hxg3 Nxg3+ 26. Kg2 Nxf1 27. Rxf1 Bd4 28. Be4 Bxc3 29. Bxb7 Bxb2 30. Bd5+ Kf8 31. Be4 g6 32. Rd1 Ke7 33. Rd2 Bf6 34. Kg3 Rf8 35. Bd5 0-1

[Event "NED-chT 1516"]
[Site "Netherlands"]
[Date "2016.02.13"]
[Round "6.5"]
[White "Dambacher, Martijn"]
[Black "Erwich, Frank"]
[Result "1-0"]
[WhiteElo "2490"]
[BlackElo "2370"]
[PlyCount "84"]
[EventDate "2015.09.26"]
[EventType "team-tourn"]
[EventRounds "9"]
[EventCountry "NED"]
[SourceTitle "CBM 170 Extra"]
[Source "ChessBase"]
[SourceDate "2016.02.25"]
[SourceVersion "1"]
[SourceVersionDate "2016.02.25"]
[SourceQuality "1"]
[WhiteTeam "Calder HMC"]
[BlackTeam "BSG"]
[WhiteTeamCountry "NED"]
[BlackTeamCountry "NED"]

1. d4 Nf6 2. c4 e6 3. Nf3 b6 4. g3 Bb7 5. Bg2 Be7 6. 0-0 0-0 7. Re1 Ne4 8. Nfd2 f5 9. d5 exd5 10. cxd5 Qe8 11. Nxe4 fxe4 12. Nc3 Bb4 13. Bd2 Bxc3 14. Bxc3 Qf7 15. Bxe4 Qxf2+ 16. Kh1 Na6 17. Bg2 c5 18. e4 Qf7 19. Qg4 d6 20. Rf1 Qe7 21. Kg1 b5 22. a3 Rae8 23. e5 b4 24. axb4 cxb4 25. Bxb4 Qxe5 26. Bc3 Qe3+ 27. Kh1 Qe7 28. Rfe1 Qc7 29. Rec1 Bc8 30. Qd4 Nc5 31. Bb4 Re2 32. Bxc5 dxc5 33. Rxc5 Qe7 34. d6 Re1+ 35. Rxe1 Qxe1+ 36. Qg1 Qb4 37. Bd5+ Kh8 38. Qf2 Bf5 39. Qxf5 Qe1+ 40. Kg2 Qd2+ 41. Kh3 Qh6+ 42. Kg4 Qxd6 1-0

[Event "NRW Class1 1516"]
[Site "Germany"]
[Date "2015.12.20"]
[Round "4.2"]
[White "Wengenroth, Walter"]
[Black "Erwich, Frank"]
[Result "1/2-1/2"]
[WhiteElo "2207"]
[BlackElo "2329"]
[PlyCount "56"]
[EventDate "2015.09.27"]
[EventType "team-tourn"]
[EventRounds "9"]
[EventCountry "GER"]
[SourceTitle "EXT 2017"]
[Source "ChessBase"]
[SourceDate "2016.10.25"]
[SourceVersion "1"]
[SourceVersionDate "2016.10.25"]
[SourceQuality "1"]
[WhiteTeam "Duisburg"]
[BlackTeam "Erkenschwick"]
[WhiteTeamCountry "GER"]
[BlackTeamCountry "GER"]

1. c4 Nf6 2. Nc3 c5 3. g3 e6 4. Nf3 b6 5. Bg2 Bb7 6. 0-0 Be7 7. d4 cxd4 8. Qxd4 d6 9. Rd1 a6 10. e4 Nbd7 11. Qe3 Qc7 12. b3 Rc8 13. Bb2 0-0 14. Nd4 Qb8 15. Qe2 Qa8 16. Re1 Rfd8 17. Rad1 Bf8 18. g4 g6 19. g5 Nh5 20. Qe3 Qb8 21. Ba1 Ba8 22. Bf3 Ng7 23. Bg2 Nc5 24. Nde2 b5 25. cxb5 axb5 26. b4 Na6 27. a3 Nc7 28. Ng3 Bb7 1/2-1/2

[Event "Haarlem Masters"]
[Site "Haarlem"]
[Date "2015.10.20"]
[Round "4"]
[White "Erwich, Frank"]
[Black "Van der Lende, Ilias"]
[Result "0-1"]
[WhiteElo "2370"]
[BlackElo "2331"]
[PlyCount "100"]
[EventDate "2015.10.17"]
[EventType "tourn"]
[EventRounds "9"]
[EventCountry "NED"]
[EventCategory "5"]
[SourceTitle "CBM 168 Extra"]
[Source "ChessBase"]
[SourceDate "2015.10.29"]
[SourceVersion "1"]
[SourceVersionDate "2015.10.29"]
[SourceQuality "1"]

1. Nf3 c5 2. c4 g6 3. e4 Bg7 4. d4 cxd4 5. Nxd4 Nc6 6. Be3 Nf6 7. Nc3 0-0 8. Be2 d6 9. 0-0 Nxd4 10. Bxd4 Bd7 11. Qd2 Bc6 12. f3 Nd7 13. Be3 a5 14. b3 Nc5 15. Rab1 e6 16. Rfc1 Be5 17. Qe1 f5 18. exf5 Rxf5 19. Nd1 Qf6 20. Bf2 Rf8 21. Ne3 Rg5 22. Kh1 Ne4 23. fxe4 Qxf2 24. Qxf2 Rxf2 25. Bf3 Rxa2 26. h4 Rg3 27. Nf1 Rxf3 28. gxf3 Rf2 29. Re1 Rxf3 30. Re2 Rh3+ 31. Kg1 Rxh4 32. Nd2 Bc3 33. Rd1 Rh3 34. Nf1 Bb4 35. Rb1 h5 36. Kg2 Rd3 37. Nh2 Rd2 38. Rxd2 Bxe4+ 39. Nf3 Bxd2 40. Rd1 Bb4 41. Kg3 Bxf3 42. Kxf3 Kg7 43. Rg1 Kf6 44. Ke4 g5 45. Rf1+ Kg6 46. Kf3 g4+ 47. Kg2 h4 48. Rf4 Kg5 49. Rf7 h3+ 50. Kg3 Bc3 0-1

[Event "Haarlem Masters"]
[Site "Haarlem"]
[Date "2015.10.19"]
[Round "3"]
[White "Duijn, Rob"]
[Black "Erwich, Frank"]
[Result "1/2-1/2"]
[WhiteElo "2256"]
[BlackElo "2370"]
[PlyCount "126"]
[EventDate "2015.10.17"]
[EventType "tourn"]
[EventRounds "9"]
[EventCountry "NED"]
[EventCategory "5"]
[SourceTitle "CBM 168 Extra"]
[Source "ChessBase"]
[SourceDate "2015.10.29"]
[SourceVersion "1"]
[SourceVersionDate "2015.10.29"]
[SourceQuality "1"]

1. d4 Nf6 2. Bg5 d5 3. Bxf6 gxf6 4. e3 c5 5. c3 Qb6 6. Qb3 Nc6 7. Nd2 e5 8. Ne2 cxd4 9. Qxb6 axb6 10. exd4 Bh6 11. g3 0-0 12. dxe5 fxe5 13. Bg2 Bf5 14. Nb3 Rfd8 15. 0-0 Bd3 16. Rfe1 Bc4 17. f4 f6 18. Kf2 Bf8 19. Red1 b5 20. Nbc1 Bc5+ 21. Ke1 d4 22. b3 Bxe2 23. Nxe2 dxc3 24. Bxc6 bxc6 25. Nxc3 Bb4 26. Rac1 Rd4 27. fxe5 fxe5 28. Rc2 c5 29. Rdc1 c4 30. Ke2 Bxc3 31. Rxc3 Rxa2+ 32. Ke3 Ra3 33. bxc4 Rxc3+ 34. Rxc3 bxc4 35. Ra3 Kf7 36. Ra7+ Kg6 37. Re7 Rd3+ 38. Ke4 Rd2 39. Rc7 Re2+ 40. Kf3 Rc2 41. Ke4 Re2+ 42. Kf3 Rxh2 43. Rxc4 Ra2 44. Ke4 Re2+ 45. Kf3 Re1 46. Rc8 Rf1+ 47. Ke4 Re1+ 48. Kf3 Kf5 49. Rf8+ Ke6 50. Re8+ Kf7 51. Rh8 Rh1 52. Kg2 Rh6 53. Kf3 Rh1 54. Ke4 Re1+ 55. Kf5 Kg7 56. Re8 Rf1+ 57. Ke4 Kh6 58. Rg8 Re1+ 59. Kf5 e4 60. Kf4 e3 61. Kf3 Kh5 62. Rg7 h6 63. Rg8 e2 1/2-1/2

[Event "Vlissingen HZ op 19th"]
[Site "Vlissingen"]
[Date "2015.08.08"]
[Round "9"]
[White "Erwich, Frank"]
[Black "Leenhouts, Koen"]
[Result "1/2-1/2"]
[WhiteElo "2358"]
[BlackElo "2422"]
[PlyCount "89"]
[EventDate "2015.08.01"]
[EventType "swiss"]
[EventRounds "9"]
[EventCountry "NED"]
[SourceTitle "CBM 167 Extra"]
[Source "ChessBase"]
[SourceDate "2015.09.14"]
[SourceVersion "1"]
[SourceVersionDate "2015.09.14"]
[SourceQuality "1"]

1. e4 c5 2. Nf3 e6 3. c4 Nc6 4. Be2 g5 5. h3 Bg7 6. d3 h6 7. Nc3 Nge7 8. Be3 d6 9. d4 cxd4 10. Nxd4 d5 11. exd5 exd5 12. Nxc6 bxc6 13. Bd4 Bxd4 14. Qxd4 0-0 15. Qf6 d4 16. 0-0-0 c5 17. Ne4 Bf5 18. Bd3 Bxe4 19. Bxe4 Ng6 20. Qxd8 Raxd8 21. Rhe1 Nf4 22. g3 Nxh3 23. Bf5 g4 24. Rf1 Ng5 25. Bxg4 f5 26. Bh5 Rf6 27. Rfe1 Ne4 28. Bf3 Nxf2 29. Rd2 Ng4 30. Re7 a5 31. Rc7 Ne3 32. Rxc5 Rg6 33. Bd5+ Nxd5 34. Rxd5 Rxd5 35. cxd5 Rxg3 36. Rxd4 Rg4 37. Rd3 Kf7 38. d6 Ke8 39. Rd5 Ra4 40. Rxf5 Rxa2 41. Rh5 Ra1+ 42. Kc2 a4 43. Rxh6 a3 44. b3 Rg1 45. Rh8+ 1/2-1/2

[Event "Vlissingen HZ op 19th"]
[Site "Vlissingen"]
[Date "2015.08.07"]
[Round "8"]
[White "Grochal, Joey"]
[Black "Erwich, Frank"]
[Result "0-1"]
[WhiteElo "2187"]
[BlackElo "2358"]
[PlyCount "86"]
[EventDate "2015.08.01"]
[EventType "swiss"]
[EventRounds "9"]
[EventCountry "NED"]
[SourceTitle "CBM 167 Extra"]
[Source "ChessBase"]
[SourceDate "2015.09.14"]
[SourceVersion "1"]
[SourceVersionDate "2015.09.14"]
[SourceQuality "1"]

1. d4 Nf6 2. c4 e6 3. Nf3 b6 4. g3 Bb7 5. Bg2 Be7 6. 0-0 0-0 7. Nc3 Ne4 8. Qc2 Nxc3 9. Qxc3 c5 10. Rd1 d6 11. b3 Bf6 12. Bb2 Qe7 13. Qd2 Nd7 14. dxc5 Bxb2 15. Qxb2 Nxc5 16. Ne1 Rfd8 17. Rd2 Bxg2 18. Nxg2 Ne4 19. Rd3 Qb7 20. Rad1 b5 21. cxb5 Qxb5 22. Nf4 Qb6 23. Qd4 Qxd4 24. Rxd4 d5 25. Rb4 Rdc8 26. Rb7 Rc2 27. a3 g5 28. Nh5 Rxe2 29. f3 Nd2 30. Rc1 Nxf3+ 31. Kf1 Rxh2 32. Nf6+ Kg7 33. Rc3 Ne5 34. Nd7 Nxd7 35. Rxd7 Rh6 36. Rcc7 Rf6+ 37. Ke2 a5 38. Ra7 Rb8 39. Rdb7 Rxb7 40. Rxb7 h5 41. b4 axb4 42. Rxb4 e5 43. Rb5 Ra6 0-1